[Event "Mlada Boleslav Region-ch U14"]
[Site "Mlada Boleslav"]
[Date "2017.06.24"]
[Round "1"]
[White "Kovarikova, Eliska"]
[Black "Bartos, Vaclav2222"]
[Result "0-1"]
[WhiteElo "1122"]
[BlackElo "1371"]
[PlyCount "55"]
[EventDate "2017.06.24"]
[EventType "swiss"]
[EventRounds "7"]
[EventCountry "CZE"]
[SourceTitle "CBM 179 Extra"]
[Source "ChessBase"]
[SourceDate "2017.08.23"]
[SourceVersion "1"]
[SourceVersionDate "2017.08.23"]
[SourceQuality "1"]

1. e4 c5 2. Nc3 e6 3. b3 Nc6 4. Bb2 e5 5. Nf3 d6 6. Bc4 Be6 7. d3 Nf6 8. Ng5 Bxc4 9. dxc4 Nd4 10. h3 Qa5 11. 0-0 Be7 12. Nf3 0-0 13. Nd5 Nxd5 14. cxd5 Nxf3+ 15. Qxf3 Qd2 16. Qd3 Qxd3 17. cxd3 b5 18. a3 a5 19. f4 f6 20. f5 Rfc8 21. Rfc1 g6 22. fxg6 hxg6 23. Kh1 Bf8 24. g4 Bh6 25. Rc2 Bf4 26. h4 Kf7 27. Kg2 Rh8 28. Kh3 0-1